[Event "Aeroflot Open Rapid Final"]
[Site "Moscow RUS"]
[Date "2013.02.16"]
[Round "1.1"]
[White "Karpov, Anatoly"]
[Black "Nepomniachtchi, Ian"]
[Result "0-1"]
[WhiteTitle "GM"]
[BlackTitle "GM"]
[WhiteElo "2616"]
[BlackElo "2703"]
[WhiteFideId "4100026"]
[BlackFideId "4168119"]
[EventDate "2013.02.16"]

1. d4 Nf6 2. c4 g6 3. Nc3 d5 4. e3 Bg7 5. cxd5 Nxd5 6. Nxd5 Qxd5 7. Ne2 O-O 8.
Nc3 Qa5 9. Qb3 c5 10. d5 Nd7 11. Bd2 Qb4 12. Qc2 Nb6 13. a3 Qh4 14. Be2 Rd8 15.
e4 e6 16. dxe6 Bxe6 17. O-O Nc4 18. Rad1 Nxd2 19. Rxd2 Rxd2 20. Qxd2 Bd4 21. g3
Qf6 22. Kg2 Rd8 23. Qc2 g5 24. h3 c4 25. Nd5 Bxd5 26. exd5 Bxb2 27. Qxc4 Bxa3
28. Rb1 Bb2 29. Qe4 Bd4 30. Bf3 b6 31. Rb3 Bc5 32. Qc2 Re8 33. Rd3 Qd6 34. Qa4
Re7 35. h4 h6 36. hxg5 hxg5 37. Rd2 a5 38. Qc6 Kg7 39. Rd1 Rd7 40. Bg4 Rd8 41.
Qa4 Qf6 42. Qc2 a4 43. d6 Rxd6 44. Rxd6 Qxd6 45. Qxa4 Qd2 46. Qe4 Qxf2+ 47. Kh3
Qf1+ 48. Qg2 Qxg2+ 49. Kxg2 Kg6 50. Bd7 f5 51. Kf3 g4+ 52. Kg2 Kg5 53. Bb5 f4
54. gxf4+ Kxf4 55. Bc6 g3 56. Kf1 Ke3 57. Ke1 b5 0-1

[Event "Aeroflot Open Rapid Final"]
[Site "Moscow RUS"]
[Date "2013.02.16"]
[Round "1.1"]
[White "Korobov, Anton"]
[Black "Eljanov, Pavel"]
[Result "1/2-1/2"]
[WhiteTitle "GM"]
[BlackTitle "GM"]
[WhiteElo "2702"]
[BlackElo "2678"]
[WhiteFideId "14105730"]
[BlackFideId "14102951"]
[EventDate "2013.02.16"]

1. d4 d5 2. c4 c6 3. Nc3 Nf6 4. e3 a6 5. Qc2 b5 6. c5 Bg4 7. Nge2 g6 8. f3 Bc8
9. g3 Bg7 10. Bg2 Nbd7 11. e4 dxe4 12. fxe4 e5 13. d5 O-O 14. Be3 Bb7 15. d6 Ng4
16. Bg1 Bh6 17. Nd1 Qa5+ 18. Qc3 b4 19. Qc4 Qb5 20. Qc2 a5 21. h3 Ngf6 22. Bf2
Ba6 23. Nc1 a4 24. Bf1 Qa5 25. Bxa6 b3+ 26. Qc3 Qxa6 27. Qf3 Qc4 28. Nc3 a3 29.
Nxb3 axb2 30. Rb1 Nh5 31. Rxb2 f5 32. Rc2 Rxa2 33. Rxa2 fxe4 34. Qxe4 Qxc3+ 35.
Nd2 Nxg3 36. Bxg3 Qxg3+ 37. Kd1 Bxd2 38. Rxd2 Qb3+ 39. Ke2 Nxc5 40. Qxc6 Qc4+
41. Kd1 Qb3+ 42. Ke2 Qc4+ 43. Kd1 Qb3+ 44. Ke2 Ne6 45. Rf1 Nf4+ 46. Rxf4 exf4
47. d7 Qe3+ 48. Kd1 Qb3+ 49. Ke2 Qe3+ 50. Kd1 Qb3+ 1/2-1/2

[Event "Aeroflot Open Rapid Final"]
[Site "Moscow RUS"]
[Date "2013.02.16"]
[Round "1.2"]
[White "Nepomniachtchi, Ian"]
[Black "Karpov, Anatoly"]
[Result "1-0"]
[WhiteTitle "GM"]
[BlackTitle "GM"]
[WhiteElo "2703"]
[BlackElo "2616"]
[WhiteFideId "4168119"]
[BlackFideId "4100026"]
[EventDate "2013.02.16"]

1. e4 c6 2. Nf3 d5 3. Nc3 Nf6 4. e5 Ne4 5. Qe2 Nxc3 6. dxc3 Bg4 7. h3 Bxf3 8.
Qxf3 e6 9. Bf4 Nd7 10. O-O-O b5 11. h4 h5 12. g4 hxg4 13. Qxg4 Qc7 14. Re1 O-O-O
15. h5 Kb7 16. Rh3 a5 17. Rf3 Nb6 18. Be3 Rd7 19. Bxb6 Qxb6 20. a4 bxa4 21. Qxa4
Rxh5 22. c4 Bb4 23. Rd1 Kc7 24. cxd5 exd5 25. c3 Bc5 26. Qf4 g5 27. Qg3 Re7 28.
Rf6 Qb8 29. e6+ Bd6 30. Qxd6+ Kxd6 31. exf7+ Kc5 32. f8=Q Qxf8 33. Rxf8 g4 34.
Bd3 Rh3 35. Rg8 Rf3 36. Rd2 Rf4 37. Kc2 a4 38. Be2 Rxf2 39. Bxg4 Rf4 40. Be2 Ra7
41. Rg1 Kd6 42. Ra1 Ke5 43. Bd1 c5 44. Be2 c4 45. Bf1 Kd6 46. Bg2 Rf5 47. Kb1
Kc5 48. Ka2 1-0

[Event "Aeroflot Open Rapid Final"]
[Site "Moscow RUS"]
[Date "2013.02.16"]
[Round "1.3"]
[White "Eljanov, Pavel"]
[Black "Korobov, Anton"]
[Result "1-0"]
[WhiteTitle "GM"]
[BlackTitle "GM"]
[WhiteElo "2678"]
[BlackElo "2702"]
[WhiteFideId "14102951"]
[BlackFideId "14105730"]
[EventDate "2013.02.16"]

1. c4 e5 2. g3 Nf6 3. Bg2 d5 4. cxd5 Nxd5 5. Nf3 Nc6 6. O-O Nb6 7. d3 Be7 8.
Nbd2 O-O 9. a3 a5 10. b3 Be6 11. Bb2 f6 12. Qc2 Qd7 13. Nc4 Rad8 14. Rfd1 Bf5
15. Bc3 Nxc4 16. bxc4 b6 17. Qb2 Bc5 18. Nd2 Kh8 19. Ne4 Bd4 20. Bxd4 Nxd4 21.
e3 Ne6 22. Rac1 Bxe4 23. Bxe4 Nc5 24. Bd5 c6 25. Bg2 Qc7 26. d4 exd4 27. exd4
Nd7 28. Re1 c5 29. d5 Ne5 30. Qc3 Qd6 31. f4 Nf7 32. Re6 Qc7 33. Rce1 Nd6 34.
Re7 Rd7 35. R7e6 b5 36. cxb5 Nxb5 37. Qc4 Nd6 38. Qa6 c4 39. Qc6 Qa7+ 40. Kh1
Nf5 41. Re8 Rf7 42. d6 Nd4 43. Qxc4 h5 44. R8e7 Rxe7 45. dxe7 Re8 46. Qf7 1-0